| 000 | 00536nam a22002057a 4500 | ||
|---|---|---|---|
| 001 | 00538 | ||
| 003 | KOHA_MİRAKIL | ||
| 005 | 20240914231532.0 | ||
| 008 | 240915b tu ||||| |||| 00| 0 tur d | ||
| 020 | _a9789752448414 | ||
| 040 |
_aTR-AnABB _btur _cTR-AnABB |
||
| 041 | _atur | ||
| 082 |
_a297.8 _bTUR 2019 |
||
| 100 | _aTurgut, Ahmet | ||
| 245 | 0 |
_aKelimelerin kalbi / _cAhmet Turgut. |
|
| 260 |
_aİstanbul : _bAlfa Yayınları, _c2019. |
||
| 300 |
_a191 sayfa ; _c20 cm. |
||
| 650 | _aİslam dini, ahlak | ||
| 942 |
_2ddc _cBK |
||
| 999 |
_c549 _d549 |
||